Manual para la elaboración de evaluaciones de efectividad, seguridad y validez diagnóstica de tecnologías en la salud / (Registro nro. 4821)
[ vista simple ]
| 000 -LEADER | |
|---|---|
| fixed length control field | 01652nam a2200301Ia 4500 |
| 003 - CONTROL NUMBER IDENTIFIER | |
| control field | OSt |
| 005 - DATE AND TIME OF LATEST TRANSACTION | |
| control field | 20201119131601.0 |
| 008 - FIXED-LENGTH DATA ELEMENTS--GENERAL INFORMATION | |
| fixed length control field | 191128s2014 ck a gr 000 0 spa d |
| 020 ## - INTERNATIONAL STANDARD BOOK NUMBER | |
| International Standard Book Number | 9789585858404 |
| 040 ## - CATALOGING SOURCE | |
| Original cataloging agency | CO-JMCR |
| Transcribing agency | CO-JMCR |
| 041 0# - LANGUAGE CODE | |
| Language code of text/sound track or separate title | spa |
| 082 04 - DEWEY DECIMAL CLASSIFICATION NUMBER | |
| Classification number | 658.4038 / |
| Item number | I577m |
| Edition number | 23 |
| 100 1# - MAIN ENTRY--PERSONAL NAME | |
| Personal name | Díaz Ortega, Miguel Hernando, |
| Relator term | autor |
| 9 (RLIN) | 12377 |
| 245 10 - TITLE STATEMENT | |
| Title | Manual para la elaboración de evaluaciones de efectividad, seguridad y validez diagnóstica de tecnologías en la salud / |
| Statement of responsibility, etc. | Miguel Hernando Díaz Ortega, Esperanza Peña Torres, Aurelio Mejía Mejía, [y 1 más] ; revisores, Andrés Pichón-Riviere, Federico Augusto |
| 260 ## - PUBLICATION, DISTRIBUTION, ETC. | |
| Place of publication, distribution, etc. | Bogotá : |
| Name of publisher, distributor, etc. | Instituto de evaluación tecnológica en salud, |
| Date of publication, distribution, etc. | 2014 |
| 300 ## - PHYSICAL DESCRIPTION | |
| Extent | 4 volúmenes en 1 tomo : |
| Other physical details | diagramas y gráficos a blanco y negro ; |
| Dimensions | 28 cm. |
| 500 ## - GENERAL NOTE | |
| General note | Con: Manual para la elaboración de evaluaciones económicas en salud -- Manual para la elaboración de análisis de impacto presupuestal -- Manual de participación y deliberación. Bibliografía al final de cada volumen. |
| 505 0# - FORMATTED CONTENTS NOTE | |
| Formatted contents note | Condición de salud y tecnologías de interés -- Preguntas de evaluación -- Métodos -- Resultados --- Discusión -- Conclusiones |
| 650 24 - SUBJECT ADDED ENTRY--TOPICAL TERM | |
| Topical term or geographic name entry element | Tecnologías en salud |
| 9 (RLIN) | 12378 |
| 650 24 - SUBJECT ADDED ENTRY--TOPICAL TERM | |
| Topical term or geographic name entry element | Evaluación económica en salud |
| 9 (RLIN) | 12379 |
| 650 24 - SUBJECT ADDED ENTRY--TOPICAL TERM | |
| Topical term or geographic name entry element | Análisis presupuestal en salud |
| 9 (RLIN) | 12380 |
| 700 1# - ADDED ENTRY--PERSONAL NAME | |
| Personal name | Peña Torres, Esperanza, |
| Relator term | autora |
| 9 (RLIN) | 12381 |
| 700 1# - ADDED ENTRY--PERSONAL NAME | |
| Personal name | Mejía Mejía, Aurelio, |
| Relator term | autor |
| 9 (RLIN) | 12382 |
| 700 1# - ADDED ENTRY--PERSONAL NAME | |
| Personal name | Pichón-Riviere, Andrés, |
| Relator term | revisor |
| 9 (RLIN) | 12383 |
| 700 1# - ADDED ENTRY--PERSONAL NAME | |
| Personal name | Augustovski, Federico, |
| Relator term | revisor |
| 9 (RLIN) | 12384 |
| 700 1# - ADDED ENTRY--PERSONAL NAME | |
| Personal name | García Martí, Sebastián, |
| Relator term | revisor |
| 9 (RLIN) | 12385 |
| 942 ## - ADDED ENTRY ELEMENTS (KOHA) | |
| Source of classification or shelving scheme | Dewey Decimal Classification |
| Koha item type | Books |
| Withdrawn status | Lost status | Source of classification or shelving scheme | Materials specified (bound volume or other part) | Damaged status | Not for loan | Home library | Current library | Shelving location | Date acquired | Source of acquisition | Full call number | Barcode | Date last seen | Copy number | Price effective from | Koha item type |
|---|---|---|---|---|---|---|---|---|---|---|---|---|---|---|---|---|
| Dewey Decimal Classification | Donación--15/04/2018-- | Biblioteca Pública José María del Castillo y Rada | Biblioteca Pública José María del Castillo y Rada | General Stacks | 11/28/2019 | Donación | 658.4038 / I577m | 430000608 | 05/16/2024 | Ej.1 | 11/28/2019 | Books |